Culture Générale - Série 2652 - Statistiques

Statistiques générales
  • Ce quiz a été pris 74 fois
  • Le résultat moyen est 2 sur 10
Statistiques - réponses
Question Réponse % Correct
C'est le plus petit élément d'une image numérisée pixel
97%
De quel pays est originaire le vin sec blanc ou rosé appelé " retsina" ? Grèce
36%
Quelle rivière traverse Epinal (88) ? Moselle
25%
Dans la mythologie égyptienne, quel est le fils d' Isis et d'Osiris ? voir photo Horus
19%
Quelle rivière passe à Périgueux (24) ? Isle
16%
De quel archipel fait partie l'île de Pico ? Açores
13%
Quel est le prénom de Madame de Rênal dans "Le rouge et le noir" de Stendhal ? Louise
6%
Quel type de sel est largement utilisé dans l'industrie chimique ? gemme
3%
Embarcation à fond plat servant au chargement et au déchargement des navires - 4 lettres commençant par " a " acon
1%
Drapeau triangulaire à longue pointe, que les chevaliers du Moyen Âge portaient au bout de leur lance - 6 lettres commençant par " p " pennon
1%
Aucun quiz correspondant
Distribution des résultats
% des personnes avec chaque résultat
Percentile par nombre de réponses
Votre historique - résultats
Vous n’avez pas pris ce quiz